000 01087cam a22002651 4500
001 21758
003 BD-RjUL
005 20211209000726.0
008 140305s1969 nyuac 000 1 eng d
035 _a(BD-RjUL)21823
035 _a(OCoLC)1836830
040 _aDLC
_cOKentU
_dOCoLC
_dDLC
_dBD-RjUL
_beng
041 1 _aengger
082 0 0 _a824.8
_bCAW V-1 1969
100 1 _aCarlyle, Thomas
_963390
245 1 0 _aWilhelm Meister's apprenticeship and travels :
_cThomas, Carlyle
_btr. from the German of Goethe /
_nVolume 1
260 _aNew York :
_bAms Press,
_c1969
300 _a459p. :
_b1 illus., 4 port. (incl. fronts.) ;
_c21 cm.
490 0 _aThe works of Thomas Carlyle ... Centenary ed.
_vvol. XXIII-XXIV
500 _aEdited, with an introduction, by Henry Duff Traill.
500 _aCarlyle's translation of the "Wanderungen" lacks chapters 10-18 of the 3d book, and the "multifarious intercalations" in the final edition, first published in the "Ausgabe letzter hand", bd. 21-23, 1829.
942 _2ddc
_cBK
999 _c21758
_d21758